000 01142cam a2200325 a 4500
999 _c1620
_d1620
001 (Sirsi) a779500
003 OSt
005 20230116111023.0
008 130627s2012 nyua b 000 1 eng d
020 _a9781402786334 (hard) :
040 _aDLC
_beng
_cDLC
_dTAE
_dKH8
041 1 _aeng
_hfre
042 _anbic
082 0 _a843.92 PER
100 1 _aPerret, Delphine.
_eauthor
240 1 0 _aMoi le loup et les vacances avec Pepe.
_lEnglish.
245 1 4 _aThe Big Bad Wolf goes on vacation /
_cDelphine Perret.
260 _aNew York :
_bSterling,
_cc2012.
300 _a[66] p. :
_bcol. ill. ;
_c17 x 22 cm.
500 _aTranslated of: Moi le loup et les vacances avec Pepe.
520 _aWhen Bernard, the Big Bad Wolf, joins Louis and his grandfather on their annual trip to the beach, getting there is half the fun.
521 1 _a4-8.
546 _aTranslated from the French.
650 0 _aWolves
_vJuvenile fiction.
650 0 _aVacations
_vJuvenile fiction.
650 0 _aGrandfathers
_vJuvenile fiction.
650 0 _aCharacters in literature
_vJuvenile fiction.
650 1 _aHumorous stories.
942 _2ddc
_cNFIC